Portfolio selection: Method of the step by step assigned weights

Program vytvorenia novej metódy na vytvorenie aproximácie hranice množiny investičných príležitostí. Metóda preskúma všetky možnosti, ako priradiť váhy portfólia pri danom kroku. Príspevok je výsledkom slovensko - poľskej spolupráce.

Gespeichert in:
Bibliographische Detailangaben
1. Verfasser: Lukáčik, Martin, 1974-
Weitere Verfasser: Pavlík, Martin, Michalski, Grzegorz
Format: Buchkapitel
Sprache:Englisch
Schlagworte:
Tags: Tag hinzufügen
Keine Tags, Fügen Sie das erste Tag hinzu!

MARC

LEADER 00000nla a2200000 4500
001 0185057
005 20240502073154.3
041 0 |a eng 
044 |a SK 
245 1 0 |a Portfolio selection: Method of the step by step assigned weights  |c Martin Lukáčik, Martin Pavlík, Grzegorz Michalski 
520 |a Program vytvorenia novej metódy na vytvorenie aproximácie hranice množiny investičných príležitostí. Metóda preskúma všetky možnosti, ako priradiť váhy portfólia pri danom kroku. Príspevok je výsledkom slovensko - poľskej spolupráce. 
610 2 0 |a ekonometria 
610 2 0 |a rovnice simultánne 
610 2 0 |a metódy ekonometrické 
610 2 0 |a modely matematické 
610 2 0 |a portfólio 
610 2 0 |a investície 
100 1 |a Lukáčik, Martin, 1974- 
700 1 |a Pavlík, Martin 
700 1 |a Michalski, Grzegorz